WWW and search engine / (Record no. 41209)

MARC details
000 -LEADER
fixed length control field 00798nam a22002417a 4500
008 - FIXED-LENGTH DATA ELEMENTS--GENERAL INFORMATION
fixed length control field 081212t xxu||||| |||| 00| 0beng d
010 ## - LCCN (DPL NO)
LC control number ENG-99762
020 ## - INTERNATIONAL STANDARD BOOK NUMBER
Terms of availability 90.00
035 ## - SYSTEM CONTROL NUMBER
System control number EN-83294
037 ## - SOURCE OF ACQUISITION
Source of stock number/acquisition DBAD / PUB
040 ## - CATALOGING SOURCE
Original cataloging agency dpl
Language of cataloging English
082 ## - DEWEY DECIMAL CLASSIFICATION NUMBER
Classification number 005.758
100 ## - MAIN ENTRY--PERSONAL NAME
9 (RLIN) 3724
Personal name Sekar, K.
245 ## - TITLE STATEMENT
Title WWW and search engine /
Statement of responsibility, etc by K. Sekar
260 ## - PUBLICATION, DISTRIBUTION, ETC. (IMPRINT)
Place of publication, distribution, etc Perambalur
Name of publisher, distributor, etc Mercury Printers & Publishers
Date of publication, distribution, etc 200?
270 ## - ADDRESS
Address Perambalur
City Perambalur
Postal code 621212
300 ## - PHYSICAL DESCRIPTION
Extent 103p.
Dimensions 21cm (pbk)
600 ## - SUBJECT ADDED ENTRY--PERSONAL NAME
Personal name Baba Visakha Singh
General subdivision Biography.
9 (RLIN) 3725
650 ## - SUBJECT ADDED ENTRY--TOPICAL TERM
9 (RLIN) 10381
700 ## - ADDED ENTRY--PERSONAL NAME
9 (RLIN) 10254
942 ## - ADDED ENTRY ELEMENTS (KOHA)
Source of classification or shelving scheme Dewey Decimal Classification
Item type English Books
Call number suffix SEK
Classification part 005.758
Holdings
Withdrawn status Lost status Source of classification or shelving scheme Damaged status Not for loan Collection code Home library Current library Date acquired Source of acquisition Cost, normal purchase price Total Checkouts Full call number Barcode Date last seen Copy number Cost, replacement price Koha item type
    Dewey Decimal Classification   Not For Loan Non-fiction D.B.Act.Division D.B.Act.Division 12/08/2010 DBAD/PUB 90.00   005.758 SEK EN-83294 12/08/2010 1 90.00 English Books

© Delhi Public Library
Hit Counter
free hit counter